Born in Delft - Statistics

General Stats
  • This quiz has been taken 8 times
  • The average score is 3 of 5
Answer Stats
Hint Answer % Correct
Painter of the Dutch Golden Age, "Girl with a pearl Earring" 1632 Johannes Vermeer
100%
Developer of the microscope and "father of microbiology" 1632 Antonie van Leeuwenhoek
88%
Footballer who plays for Arsenal and the Dutch women's national team 1999 Victoria Pelova
50%
Philosopher and writer, his writings laid the foundations for international law 1583 Hugo Grotius
38%
Former tennis player and Wimbledon quarter finalist 2007 1989 Michaëlla Krajicek
38%
No matching quizzes found
Score Distribution
Percent of People with Each Score
Percentile by Number Answered
Your Score History
You have not taken this quiz